<?xml version="1.0" encoding="UTF-8"?>
<record
    xmlns:xsi="http://www.w3.org/2001/XMLSchema-instance"
    xsi:schemaLocation="http://www.loc.gov/MARC21/slim http://www.loc.gov/standards/marcxml/schema/MARC21slim.xsd"
    xmlns="http://www.loc.gov/MARC21/slim">

  <leader>02152cam a2200157   4500500</leader>
  <controlfield tag="005">20260329025557.0</controlfield>
  <datafield tag="041" ind1=" " ind2=" ">
    <subfield code="a">fre</subfield>
  </datafield>
  <datafield tag="042" ind1=" " ind2=" ">
    <subfield code="a">dc</subfield>
  </datafield>
  <datafield tag="100" ind1="1" ind2="0">
    <subfield code="a">Monier, Fr&#xE9;d&#xE9;ric</subfield>
    <subfield code="e">author</subfield>
  </datafield>
  <datafield tag="700" ind1="1" ind2="0">
    <subfield code="a">Dard, Olivier</subfield>
    <subfield code="e">author</subfield>
  </datafield>
  <datafield tag="700" ind1="1" ind2="0">
    <subfield code="a">Engels, Jens Ivo</subfield>
    <subfield code="e">author</subfield>
  </datafield>
  <datafield tag="245" ind1="0" ind2="0">
    <subfield code="a">Patronage et corruption politiques dans l'Europe contemporaine : Les coulisses du politique &#xE0; l&#x2019;&#xE9;poque contemporaine - XIXe-XXe si&#xE8;cles</subfield>
  </datafield>
  <datafield tag="260" ind1=" " ind2=" ">
    <subfield code="b">Armand Colin,
									</subfield>
    <subfield code="c">2014.
										</subfield>
  </datafield>
  <datafield tag="520" ind1=" " ind2=" ">
    <subfield code="a">Second volume consacr&#xE9; &#xE0; l&#x2019;&#xE9;tude des coulisses du politique &#xE0; l&#x2019;&#xE9;poque contemporaine, ce livre collectif s&#x2019;attache &#xE0; traiter sur un mode universitaire du patronage et de la corruption, objets politiques aujourd&#x2019;hui particuli&#xE8;rement sensibles et pol&#xE9;miques dans les soci&#xE9;t&#xE9;s europ&#xE9;ennes. Si les contributeurs fran&#xE7;ais et &#xE9;trangers r&#xE9;unis viennent de sp&#xE9;cialit&#xE9;s diff&#xE9;rentes, l&#x2019;approche choisie se veut r&#xE9;solument constructiviste, historique et comparatiste. Il s&#x2019;agit en effet, apr&#xE8;s en avoir questionn&#xE9; les fondements, de poser les jalons d&#x2019;une histoire de la corruption &#xE0; l&#x2019;&#xE9;chelle europ&#xE9;enne du d&#xE9;but du XIXe si&#xE8;cle &#xE0; nos jours. Si les cas fran&#xE7;ais et allemands sont privil&#xE9;gi&#xE9;s, d&#x2019;autres aires g&#xE9;ographiques, de l&#x2019;Europe orientale &#xE0; l&#x2019;Europe latine, font &#xE9;galement l&#x2019;objet d&#x2019;une attention soutenue. En mettant l&#x2019;accent sur des moments et des territoires vari&#xE9;s, l&#x2019;ouvrage ambitionne de saisir la corruption &#xE0; travers la pluralit&#xE9; des acteurs qu&#x2019;elle met en jeu (des hommes politiques dispensateurs de faveurs aux b&#xE9;n&#xE9;ficiaires des recommandations), la diversit&#xE9; des lieux o&#xF9; elle se d&#xE9;veloppe (d&#x2019;une permanence &#xE9;lectorale &#xE0; un conseil municipal) et des moments o&#xF9; elle prend forme (des op&#xE9;rations &#xE9;lectorales &#xE0; la conclusion de march&#xE9;s publics). C&#x2019;est donc &#xE0; l&#x2019;histoire d&#x2019;un ordinaire de la corruption qu&#x2019;il s&#x2019;est agi de pr&#xEA;ter attention plus encore qu&#x2019;aux scandales qui feront l&#x2019;objet d&#x2019;un troisi&#xE8;me volume qui cl&#xF4;turera cette s&#xE9;rie.</subfield>
  </datafield>
  <datafield tag="856" ind1="4" ind2="1">
    <subfield code="u">https://shs.cairn.info/patronage-et-corruption-politiques-dans-l-europe--9782200274375?lang=fr&amp;redirect-ssocas=7080</subfield>
  </datafield>
  <datafield tag="999" ind1=" " ind2=" ">
    <subfield code="c">1938864</subfield>
    <subfield code="d">1938864</subfield>
  </datafield>
</record>
